|
|
|
|
| LEADER |
00000nam0a2200000 4500 |
| 001 |
174498 |
| 005 |
20231101223150.0 |
| 035 |
|
|
|a (RuTPU)RU\TPU\book\189228
|
| 090 |
|
|
|a 174498
|
| 100 |
|
|
|a 20100128d1962 km y0rusy50 ca
|
| 101 |
0 |
|
|a eng
|
| 102 |
|
|
|a US
|
| 105 |
|
|
|a a z 001zy
|
| 200 |
1 |
|
|a Progress in Polarography
|f P. Zuman, I. M. Kolthoff
|
| 210 |
|
|
|a New York
|c Interscience Publishers, INC.
|d 1962
|
| 215 |
|
|
|a 365 с.
|c il.
|
| 320 |
|
|
|a Literatur: p. 354-355/
|
| 606 |
1 |
|
|a Полярографический анализ
|2 stltpush
|3 (RuTPU)RU\TPU\subj\50820
|9 69454
|
| 610 |
1 |
|
|a химия
|
| 610 |
1 |
|
|a аналитическая химия
|
| 610 |
1 |
|
|a полярография
|
| 610 |
1 |
|
|a полярографические методы
|
| 610 |
1 |
|
|a полярографическая техника
|
| 610 |
1 |
|
|a английский язык
|
| 675 |
|
|
|a 543.552
|v 3
|
| 700 |
|
1 |
|a Zuman
|b P.
|
| 701 |
|
1 |
|a Kolthoff
|b I. M.
|
| 801 |
|
1 |
|a RU
|b 63413507
|c 20100128
|
| 801 |
|
2 |
|a RU
|b 63413507
|c 20150605
|g RCR
|
| 942 |
|
|
|c BK
|